000
00302nam a2200121 a 4500
005
20140414131927.0
008
101027s19uu xx 00 eng d
050
_a
ER
_b
W72 2000
100
_a
245
_a
Winnie the Pooh : Pooh and the falling leaves.
260
_b
Disney,
_c
2000.
999
_c
112089
_d
112089